Statistics for Famous Treaties, Pacts, and Agreements

Click here to take the quiz!

General Stats

  • This quiz has been taken 56 times
  • The average score is 7 of 15

Answer Stats

YearActionAnswer% Correct
1919Officially ends WWI or the Franco-Prussian WarTreaty of {Versailles}
86%
1215King John agrees to a royal charter of rightsMagna Carta
84%
1955Allies Central and Eastern European communist states{Warsaw} Pact
84%
1763Ends the Seven Years' War... or the American Revolution... or the Crimean War...Treaty of {Paris}
82%
1803United States buys 530 million acres of land from FranceLouisiana Purchase
74%
1648Ends the Thirty Years' War and the Dutch War of IndependencePeace of {Westphalia}
46%
1494Divides the New World between Spain and PortugalTreaty of {Tordesillas}
42%
1598King Henry VI grants Huguenots substantial rightsEdict of {Nantes}
36%
1939Soviet Union and Germany agree not to attack each other and secretly divide up Poland{Molotov-Ribbentrop} Pact
36%
1814Ends the War of 1812Treaty of {Ghent}
34%
1713Ends the War of the Spanish Succession and confirms Philip as kingTreaty of {Utrecht}
34%
1815Ends the Napoleonic Wars, creates the German Conferedation, neutralizes SwitzerlandFinal Act of the {Congress of Vienna}
20%
1968Limits the spread of nuclear weapons through disarmament and other means{Non-Proliferation} Treaty
16%
1951Formally ends the war between the Allies and JapanTreaty of {San Francisco}
16%
1992Allows unarmed surveillance flights over participants, possible US withdrawal due to alleged Russian violationsTreaty on {Open Skies}
2%

Score Distribution

Percentile by Number Answered

Percent of People with Each Score

Your Score History

You have not taken this quiz